Statistics for Brandenburg State Quiz

Click here to take the quiz!

General Stats

  • This quiz has been taken 172 times
  • The average score is 9 of 13

Answer Stats

HintAnswer% Correct
City state that is surrounded by BrandenburgBerlin
100%
Bordering foreign countryPoland
100%
Capital and largest cityPotsdam
94%
This eastern region began to dominate Germany after its union with BrandenburgPrussia
90%
Town on the eastern border that has a namesake in HesseFrankfurt an der Oder
83%
Hohenzollern king (1740-1786) who is buried at mentioned castleFrederick the Great
74%
What kind of food are Spreewaldgurken?Gherkins
73%
Largest indigenous ethnic minoritySorbs
72%
He composed the Brandenburg concertosJohann Sebastian Bach
68%
Rococo castle in the capital that was inspired by VersaillesSanssouci
57%
What was Babelsberg world-famous for producing in the 1920s?Movies
53%
Author of 19th century realist novels such as "Effi Briest"Theodor Fontane
36%
Poet, playwright and novelist ("Michael Kohlhaas", "The Marquise of O.")Heinrich von Kleist
19%

Score Distribution

Percentile by Number Answered

Percent of People with Each Score

Your Score History

You have not taken this quiz